LIBRARY & INFORMATION CENTRE, KCAET, TAVANUR

ONLINE PUBLIC ACCESS CATALOGUE (OPAC)

Text book of pre university physics (Record no. 187)

MARC details
000 -LEADER
fixed length control field 00435cam a2200193ua 4500
041 ## - LANGUAGE CODE
Language code of text/sound track or separate title eng
082 ## - DEWEY DECIMAL CLASSIFICATION NUMBER
Classification number 530
Item number OUS/TE
100 ## - MAIN ENTRY--AUTHOR NAME
Personal name Ouseph, C C .
245 ## - TITLE STATEMENT
Title Text book of pre university physics
250 ## - EDITION STATEMENT
Edition statement 1 /
260 ## - PUBLICATION, DISTRIBUTION, ETC. (IMPRINT)
Place of publication :
Name of publisher S. Viswanathan ,
Year of publication 1959.
300 ## - PHYSICAL DESCRIPTION
Number of Pages 291 ; .
700 1# - ADDED ENTRY--PERSONAL NAME
Personal name Ramanadham, M .
942 ## - ADDED ENTRY ELEMENTS (KOHA)
Koha item type Books
Holdings
Withdrawn status Lost status Damaged status Home library Current library Date acquired Cost, normal purchase price Full call number Accession Number Koha item type
Withdrawn     KAUAET KAUAET 07/04/2012 3.50 530 7379 Books
free website counter